A fonte do xuramento (Record no. 155880)

MARC details
000 -LEADER
campo de control de longitud fija 00857nam a22001695i 4500
001 - NÚMERO DE CONTROL
campo de control 155880
003 - IDENTIFICADOR DE NÚMERO DE CONTROL
campo de control ES-MaACL
005 - FECHA Y HORA DE LA ÚLTIMA TRANSACCIÓN
campo de control 20230906210233.0
008 - DATOS DE LONGITUD FIJA--INFORMACIÓN GENERAL
campo de control de longitud fija 970407s1882 sp |||| | glg d
040 ## - FUENTE DE CATALOGACIÓN
Centro catalogador/agencia de origen GA
Lengua de catalogación spa
Centro/agencia transcriptor CCPB | SIC
100 1# - ENTRADA PRINCIPAL--NOMBRE DE PERSONA
Nombre de persona Iglesia González, Francisco Mª de la.
9 (RLIN) 128150
245 12 - MENCIÓN DEL TÍTULO
Título A fonte do xuramento
Resto del título : primeiro drama en dialeuto gallego : drama de costumes gallegos en dous autos en verso /
Mención de responsabilidad, etc. orixinal de Francisco Mª de la Iglesia y González.
260 ## - PUBLICACIÓN, DISTRIBUCIÓN, ETC.
Lugar de publicación, distribución, etc. Cruña :
Nombre del editor, distribuidor, etc. [s.n.],
Fecha de publicación, distribución, etc. 1882 (
Fabricante Imprensa e Estereotípia de Vicenzo Abade)
300 ## - DESCRIPCIÓN FÍSICA
Extensión 57 p. ;
Dimensiones 20 cm.
500 #1 - NOTA GENERAL
Nota general "Estrenado con ruidento aprauso n-o Liceu Brigantiño d'a Cruña a noite d'o 13 d'Agosto de 1882"
852 ## - LOCALIZACIÓN
Ubicación ES-MaACL
Número de control de estantería T-650-F-6
Nota libre -- Enc. hol., conservando la cub. original
-- -- Enc. en un vol. facticio
Encuadernación -- Edic.: añadir T752 España, La Coruña
Holdings
Estatus retirado Estado de pérdida Estado de daño No para préstamo Colección Biblioteca de origen Biblioteca actual Ubicación en estantería Fecha de adquisición Total de préstamos Signatura topográfica completa Código de barras Visto por última vez Precio de reemplazo Tipo de ítem Koha
        Colección de folletos Biblioteca del Ateneo de Madrid Biblioteca del Ateneo de Madrid Depósito folletos 17/01/2008   T-650-F-6 1163065 23/02/2023 23/02/2023 Folleto